LEADER 01220nam0 2200313 450 001 000028099 005 20110117131653.0 010 $a0-7503-0743-9 100 $a20110117d2003----km-y0itaa50------ba 101 0 $aeng 102 $aGB 200 1 $aAccelerator driven subcritical reactors$fH. Nifenecker, O. Meplan and S. David 210 $aBristol ; Philadelphia$cIOP Publishing$d2003 215 $aIX, 316 p.$cill.$d24 cm. 225 2 $aSeries in fundamental and applied nuclear physics 410 0$12001$aSeries in fundamental and applied nuclear physics 606 1 $aReattori nucleari 676 $a621.4834$v(21. ed.)$9Ingegneria nucleare. Reattori nucleari, centrali, sottoprodotti. Specifici tipi di reattori 700 1$aNifenecker,$bH.$0445100 702 1$aMeplan,$bO. 702 1$aDavid,$bS. 801 0$aIT$bUniversità della Basilicata - B.I.A.$gRICA$2unimarc 912 $a000028099 996 $aAccelerator driven subcritical reactors$995137 997 $aUNIBAS BAS $aINGEGNERIA CAT $aTTM$b30$c20110117$lBAS01$h1316 FMT Z30 -1$lBAS01$LBAS01$mBOOK$1BASA2$APolo Tecnico-Scientifico$2DID$BDidattica$3PTS.s2.p40.26$6109890$5T109890$820110117$eXV, 529$f98$FConsultazione LEADER 01654nas 2200481-a 450 001 996200812203316 005 20240413023751.0 011 $a1988-2475 035 $a(CKB)110978984348257 035 $a(CONSER)---92644549- 035 $a(MiAaPQ)55453 035 $a(DE-599)ZDB2207937-3 035 $a(EXLCZ)99110978984348257 100 $a19901024a19889999 --- - 101 0 $aspa 181 $ctxt$2rdacontent 182 $cc$2rdamedia 183 $acr$2rdacarrier 200 00$aCuadernos de historia moderna 210 $aMadrid $cUniversidad Complutense de Madrid, Facultad de Geografia e Historia, Departamento de Historia Moderna$d1988- 215 $a1 online resource 300 $aRefereed/Peer-reviewed 311 08$aPrint version: Cuadernos de historia moderna. 0214-4018 (DLC) 92644549 (OCoLC)22578087 531 $aCUAD HIST MOD 531 0 $aCuad. hist. mod. 606 $aHistory, Modern$y17th century$vPeriodicals 606 $aHistory, Modern$y18th century$vPeriodicals 606 $aHistory, Modern$2fast$3(OCoLC)fst00958367 606 $aHistory, Modern$y17th century$vPeriodicals$2nli 606 $aHistory, Modern$y18th century$vPeriodicals$2nli 608 $aPeriodicals.$2fast 615 0$aHistory, Modern 615 0$aHistory, Modern 615 7$aHistory, Modern. 615 7$aHistory, Modern 615 7$aHistory, Modern 676 $a909.82/05 712 02$aUniversidad Complutense de Madrid.$bDepartamento de Historia Moderna. 906 $aJOURNAL 912 $a996200812203316 920 $aexl_impl conversion 996 $aCuadernos de historia moderna$92013867 997 $aUNISA